Normal view
MARC view
Entry Personal Name
001 - CONTROL NUMBER
- control field: 19374
003 - CONTROL NUMBER IDENTIFIER
- control field: OSt
005 - DATE AND TIME OF LATEST TRANSACTION
- control field: 20211105134409.0
008 - FIXED-LENGTH DATA ELEMENTS
- fixed length control field: 211105|| aca||aabn | a|a d
040 ## - CATALOGING SOURCE
- Original cataloging agency: OSt
- Transcribing agency: OSt
100 ## - HEADING--PERSONAL NAME
- Personal name: Huerta, R., ed
670 ## - SOURCE DATA FOUND
- Source citation: Work cat.: (OSt): 1993 Workshop on pticles and Fields Merida,Yucatan 1993 Oct. 25-29 19372, pticles and fields, 1994